000 00565nam a2200229Ia 4500
003 OSt
005 20221007082330.0
006 a|||||r|||| 00| 0
007 ta
008 221006b |||||||| |||| 00| 0 eng d
024 _a6,720
037 _cTextual
040 _aFLL
_cFLL
_beng
041 _2eng
_aeng
082 _aZ2,98:3qN08:g, L0
100 _aRow Au.
_9698986
245 0 _aIndian registration act
260 _c1970
300 _alvii,928p
_ccm.
942 _hZ2,98:3qN08:g, L0
_cTEXL
_2CC
999 _c1166091
_d1166091